000 00284nam a2200133Ia 4500
100 _aDesphande/ Kulkarni
942 _cBK
654 _aApplied Mechanics
245 _aApplied Mechanics
260 _bPragati Prakashan
_aBombay
300 _a281
546 _aENGLISH
999 _c19306
_d19306